<?xml version="1.0" encoding="UTF-8"?>
<marc:record xmlns:marc="http://www.loc.gov/MARC21/slim">
   <marc:leader>00000nam a2200000 a 4500</marc:leader>
   <marc:datafield ind1="1" ind2=" " tag="100">
      <marc:subfield code="a">Rowling, Joanne K.</marc:subfield>
      <marc:subfield code="4">aut</marc:subfield>
      <marc:subfield code="e">Verfasser/-in</marc:subfield>
   </marc:datafield>
   <marc:datafield ind1="1" ind2=" " tag="100">
      <marc:subfield code="a">Tiffany, John</marc:subfield>
      <marc:subfield code="4">aut</marc:subfield>
      <marc:subfield code="e">Verfasser/-in</marc:subfield>
   </marc:datafield>
   <marc:datafield ind1="1" ind2=" " tag="100">
      <marc:subfield code="a">Thorne, Jack</marc:subfield>
      <marc:subfield code="4">aut</marc:subfield>
      <marc:subfield code="e">Verfasser/-in</marc:subfield>
   </marc:datafield>
   <marc:datafield ind1=" " ind2=" " tag="653">
      <marc:subfield code="a">Jugendbücher ab 12 Jahre</marc:subfield>
   </marc:datafield>
   <marc:datafield ind1="0" ind2="0" tag="245">
      <marc:subfield code="a">Harry Potter: Harry Potter und das verwunschene Kind.</marc:subfield>
   </marc:datafield>
   <marc:datafield ind1="0" ind2="0" tag="245">
      <marc:subfield code="b">Teil eins und zwei (Special Rehearsal Edition Script)</marc:subfield>
   </marc:datafield>
   <marc:datafield ind1="0" ind2="0" tag="245">
      <marc:subfield code="c">Rowling, Joanne K.</marc:subfield>
   </marc:datafield>
   <marc:datafield ind1=" " ind2="1" tag="264">
      <marc:subfield code="a">Hamburg</marc:subfield>
      <marc:subfield code="b">Carlsen</marc:subfield>
      <marc:subfield code="c">2016</marc:subfield>
   </marc:datafield>
   <marc:datafield ind1="1" ind2=" " tag="490">
      <marc:subfield code="a">Harry Potter</marc:subfield>
      <marc:subfield code="v">8</marc:subfield>
   </marc:datafield>
   <marc:datafield ind1="1" ind2=" " tag="520">
      <marc:subfield code="a">Angaben aus der Verlagsmeldung &#xD;
&#xD;
 &#xD;
&#xD;
  Harry Potter: Harry Potter und das verwunschene Kind. Teil eins und zwei (Special Rehearsal Edition Script) Harry Potter and the Cursed Child Parts One and Two: Special Rehearsal Edition Script / von Joanne K. Rowling, John Tiffany, Jack Thorne &#xD;
&#xD;
 &#xD;
Die achte Geschichte. Neunzehn Jahre später. Das Skript zum Theaterstück!&#xD;
&#xD;
Harry Potter und das verwunschene Kind, basierend auf einer neuen Geschichte von J.K. Rowling, John Tiffany und Jack Thorne, ist ein neues Theaterstück von Jack Thorne. Es erzählt die achte Geschichte in der Harry-Potter-Serie und ist gleichzeitig die erste offizielle Harry-Potter-Geschichte, die auf der Bühne präsentiert wird. Das Stück feiert am 30. Juli 2016 im Londoner West End Premiere.&#xD;
&#xD;
Es war nie leicht, Harry Potter zu sein  und jetzt, als überarbeiteter Angestellter des Zaubereiministeriums, Ehemann und Vater von drei Schulkindern, ist sein Leben nicht gerade einfacher geworden.&#xD;
&#xD;
Während Harrys Vergangenheit ihn immer wieder einholt, kämpft sein Sohn Albus mit dem gewaltigen Vermächtnis seiner Familie, mit dem er nichts zu tun haben will.&#xD;
&#xD;
Als Vergangenheit und Gegenwart auf unheilvolle Weise miteinander verschmelzen, gelangen Harry und Albus zu einer bitteren Erkenntnis: Das Dunkle kommt oft von dort, wo man es am wenigsten erwartet.&#xD;
&#xD;
Das Special Rehearsal Edition Script wird bis zum Erscheinen der erweiterten Ausgabe 2017 erhältlich sein.</marc:subfield>
   </marc:datafield>
   <marc:datafield ind1=" " ind2=" " tag="020">
      <marc:subfield code="a">9783551559005</marc:subfield>
      <marc:subfield code="9">9783551559005</marc:subfield>
   </marc:datafield>
   <marc:datafield ind1=" " ind2=" " tag="020">
      <marc:subfield code="a">3551559007</marc:subfield>
      <marc:subfield code="9">3551559007</marc:subfield>
   </marc:datafield>
   <marc:datafield ind1=" " ind2=" " tag="041">
      <marc:subfield code="a">ger</marc:subfield>
   </marc:datafield>
   <marc:datafield ind1="0" ind2=" " tag="490">
      <marc:subfield code="v">8</marc:subfield>
   </marc:datafield>
   <marc:datafield ind1=" " ind2=" " tag="338">
      <marc:subfield code="a">Band</marc:subfield>
   </marc:datafield>
   <marc:datafield ind1=" " ind2=" " tag="300">
      <marc:subfield code="a">300 Seiten</marc:subfield>
   </marc:datafield>
</marc:record>
